000 01334nam a22003134a 4500
001 ebr10051526
003 CaPaEBR
006 m u
007 cr cn|||||||||
008 000606s2001 caua sb 001 0 eng
010 _z 00055168
020 _z0520224434 (cloth : alk. paper)
040 _aCaPaEBR
_cCaPaEBR
035 _a(OCoLC)49570002
050 1 4 _aJF1351
_b.B28 2001eb
082 0 4 _a351
_221
100 1 _aBarzelay, Michael.
245 1 4 _aThe new public management
_h[electronic resource] :
_bimproving research and policy dialogue /
_cMichael Barzelay.
260 _aBerkeley :
_bUniversity of California Press :
_aNew York :
_bRussell Sage Foundation,
_c2001.
300 _axx, 218 p. :
_bill.
490 1 _aThe Aaron Wildavsky forum for public policy ;
_v3
504 _aIncludes bibliographical references (p. 191-204) and indexes.
533 _aElectronic reproduction.
_bPalo Alto, Calif. :
_cebrary,
_d2013.
_nAvailable via World Wide Web.
_nAccess may be limited to ebrary affiliated libraries.
650 0 _aPublic administration.
655 7 _aElectronic books.
_2local
710 2 _aebrary, Inc.
830 0 _aAaron Wildavsky forum for public policy ;
_v3.
856 4 0 _uhttp://site.ebrary.com/lib/rucke/Doc?id=10051526
_zAn electronic book accessible through the World Wide Web; click to view
999 _c179701
_d179701